| 000 | 01619nam a2200421Ii 4500 | ||
|---|---|---|---|
| 001 | DIGCAL0608 | ||
| 003 | NyNyDIG | ||
| 006 | m o d | ||
| 007 | cr ||||||||||| | ||
| 008 | 121201s2002 sp o 000 0 spa d | ||
| 020 | _z9788496049000 | ||
| 020 | _z8496049000 | ||
| 035 | _a(OCoLC)965705876 | ||
| 040 |
_aDGITA _beng _epn _cDGITA |
||
| 041 | 1 |
_aspapor _hpor |
|
| 050 | 1 | 4 | _aPQ9272.O72 eBook |
| 100 | 1 |
_aJorge, João Miguel Fernandes, _d1943- |
|
| 240 | 1 | 0 |
_aPoems. _lSpanish & Portuguese. _kSelections |
| 245 | 1 | 0 |
_aVerano del ochenta y tres : _bantología poética, 1971-1999 / _cJoão Miguel Fernandes Jorge ; traducción [y prólogo] de José Ángel Cilleruelo. |
| 250 | _a1a. ed. | ||
| 264 | 1 |
_aMadrid : _bCalambur Editorial ; _a[Mérida] : _bEditora Regional de Extremadura, _c2002. |
|
| 300 | _a1 online resource (157 pages) | ||
| 336 |
_atext _btxt _2rdacontent |
||
| 337 |
_acomputer _bc _2rdamedia |
||
| 338 |
_aonline resource _bcr _2rdacarrier |
||
| 490 | 1 |
_aColección Los solitarios y sus amigos ; _v8. |
|
| 546 | _aText in Spanish and Portuguese. | ||
| 600 | 1 | 0 |
_aJorge, João Miguel Fernandes, _d1943- _vTranslations into Spanish. |
| 650 | 0 |
_aPortuguese poetry _vTranslations into Spanish. |
|
| 655 | 0 | _aElectronic books. | |
| 700 | 1 |
_aCilleruelo, José Ángel, _d1960- |
|
| 791 | 2 |
_aDigitalia (Firm), _edistributor. |
|
| 830 | 0 |
_aSolitarios y sus amigos ; _v8. |
|
| 793 | 0 |
_gDigitalia eBook Collection: _aCalambur Editorial. |
|
| 856 | 4 | 0 |
_3Digitalia Hispánica _uhttps://www.digitaliapublishing.com/a/927/ |
| 910 | _aPremium Collection: 2007-2012 | ||
| 942 | _cRAA | ||
| 999 |
_c229913 _d229913 |
||